[Event "Wch U18 Girls"]
[Site "Montesilvano"]
[Date "2023.11.16"]
[Round "4"]
[White "Lindstad, Livia"]
[Black "Trifoi, Mihaela Ioana"]
[Result "0-1"]
[WhiteElo "1848"]
[BlackElo "2021"]
[PlyCount "93"]
[EventDate "2023.11.13"]
[EventType "swiss"]
[EventRounds "11"]
[EventCountry "ITA"]
[SourceTitle "CB48_2023"]
[SourceDate "2023.11.29"]
[SourceVersion "1"]
[SourceVersionDate "2023.11.29"]
[SourceQuality "1"]

1. e4 c6 2. d4 d5 3. f3 e6 4. Nc3 Bb4 5. Bf4 Bd7 6. Qd3 Ne7 7. a3 Ba5 8. Nge2 Bc7 9. e5 Ng6 10. Bg3 c5 11. h4 cxd4 12. Nb5 Bxe5 13. f4 Qa5+ 14. b4 Qxb5 15. Qxb5 Bxb5 16. fxe5 Nc6 17. Nc1 Bxf1 18. Rxf1 h5 19. Nd3 a6 20. 0-0-0 b5 21. Rf3 a5 22. Rdf1 0-0 23. Kb2 axb4 24. axb4 Ra4 25. Kb3 Rfa8 26. Kb2 R8a7 27. Kc1 Nxb4 28. Kd2 Rc7 29. Rc1 Na2 30. Rb1 Nc3 31. Rb2 Ra1 32. Nf2 Rg1 33. Rb3 Rxg2 34. Kd3 Rc4 35. Nh3 Rxg3 36. Rxg3 Nxe5+ 37. Kd2 Ne4+ 38. Kd1 Nxg3 39. Rxg3 Ng4 40. Nf4 g6 41. Kc1 Kf8 42. Nd3 Ne3 43. Ne5 Rxc2+ 44. Kb1 Rg2 45. Rf3 Nf5 46. Rf4 Re2 47. Re4 0-1

[Event "Online Olym Div2 C"]
[Site "Chess.com INT"]
[Date "2021.09.04"]
[Round "9.4"]
[White "Lindstad, Livia"]
[Black "Popovic, Mateja"]
[Result "0-1"]
[WhiteElo "1742"]
[BlackElo "1714"]
[PlyCount "72"]
[EventDate "2021.09.02"]
[EventType "team (rapid)"]
[EventRounds "9"]
[EventCountry "USA"]
[SourceTitle "CBM 204 Extra"]
[Source "ChessBase"]
[SourceDate "2021.11.30"]
[SourceVersion "1"]
[SourceVersionDate "2021.11.30"]
[SourceQuality "1"]
[WhiteTeam "Norway"]
[BlackTeam "Montenegro"]
[WhiteTeamCountry "NOR"]
[BlackTeamCountry "MNE"]

1. e4 e5 2. Bc4 Nf6 3. d3 Nc6 4. Nc3 Bb4 5. Bd2 d6 6. a3 Ba5 7. b4 Bb6 8. h3 Bd7 9. Nge2 0-0 10. Na4 Ne7 11. Nxb6 axb6 12. f4 exf4 13. Nxf4 b5 14. Bb3 Bc6 15. 0-0 d5 16. e5 Nd7 17. e6 Ne5 18. Qe2 N7g6 19. Rae1 fxe6 20. Nxe6 Rxf1+ 21. Rxf1 Qd6 22. Nf4 Rxa3 23. Qf2 h6 24. Bc3 Kh7 25. Nxg6 Nxg6 26. Qf7 Qe7 27. Qf5 Qe3+ 28. Kh1 d4 29. Bxd4 Qxd4 30. Qe6 Ra8 31. Qe2 Nf4 32. Qg4 Bxg2+ 33. Kh2 Bxf1 34. Qf5+ Kh8 35. Bf7 Qf2+ 36. Kh1 Qg2# 0-1

[Event "EU-ch Online U14 Girls"]
[Site "Tornelo INT"]
[Date "2020.09.20"]
[Round "8"]
[White "Humbatova, Nazli"]
[Black "Lindstad, Livia"]
[Result "1-0"]
[WhiteElo "1388"]
[BlackElo "1565"]
[PlyCount "73"]
[EventDate "2020.09.18"]
[EventType "swiss (rapid)"]
[EventRounds "9"]
[EventCountry "NET"]
[SourceTitle "EXT 2023"]
[Source "ChessBase"]
[SourceDate "2022.10.05"]
[SourceVersion "1"]
[SourceVersionDate "2022.10.05"]
[SourceQuality "1"]
[WhiteTeam "Azerbaijan"]
[BlackTeam "Norway"]
[WhiteTeamCountry "AZE"]
[BlackTeamCountry "NOR"]

1. e4 c5 2. Nf3 e6 3. d4 cxd4 4. Nxd4 Nc6 5. Nc3 Qc7 6. g3 a6 7. Be3 Nf6 8. Bg2 Bb4 9. Qd2 b5 10. 0-0 Bb7 11. a3 Ba5 12. b4 Bb6 13. Ncxb5 axb5 14. Nxb5 Qb8 15. Bxb6 Ba6 16. Nc7+ Ke7 17. Bc5+ Kd8 18. Nxa8 Bxf1 19. Rxf1 Qxa8 20. e5 Ne8 21. b5 Qa5 22. Qxa5+ Nxa5 23. Bb6+ Kc8 24. Bxa5 Nc7 25. Bxc7 Kxc7 26. a4 Kb6 27. Rd1 Rd8 28. Bc6 d5 29. c4 d4 30. f4 Kc5 31. a5 Rc8 32. a6 Rc7 33. Bb7 Kb6 34. Rxd4 Ka7 35. Rd6 Kb8 36. b6 Re7 37. Rd8# 1-0

[Event "EU-ch Online U14 Girls"]
[Site "Tornelo INT"]
[Date "2020.09.20"]
[Round "9"]
[White "Lindstad, Livia"]
[Black "Lorenz, Yola Felizitas"]
[Result "1-0"]
[WhiteElo "1565"]
[BlackElo "1153"]
[PlyCount "159"]
[EventDate "2020.09.18"]
[EventType "swiss (rapid)"]
[EventRounds "9"]
[EventCountry "NET"]
[SourceTitle "EXT 2023"]
[Source "ChessBase"]
[SourceDate "2022.10.05"]
[SourceVersion "1"]
[SourceVersionDate "2022.10.05"]
[SourceQuality "1"]
[WhiteTeam "Norway"]
[BlackTeam "Schweiz"]
[WhiteTeamCountry "NOR"]
[BlackTeamCountry "SUI"]

1. e4 c5 2. Nf3 d6 3. d4 cxd4 4. Nxd4 Nf6 5. Nc3 a6 6. Be2 e5 7. Nb3 Be7 8. h3 Be6 9. Be3 b5 10. Bf3 Nbd7 11. Ne2 Rc8 12. c3 Qc7 13. 0-0 Nb6 14. Bg5 0-0 15. Ng3 Rfd8 16. Re1 d5 17. exd5 Nbxd5 18. Qe2 Bd6 19. Rad1 Rd7 20. Bxf6 Nxf6 21. Rd2 Rcd8 22. Ne4 Nxe4 23. Bxe4 Bc4 24. Qf3 Bc5 25. Rxd7 Rxd7 26. Bc6 Rd3 27. Qe4 Bd6 28. Nd4 g6 29. b3 exd4 30. bxc4 bxc4 31. cxd4 Rd2 32. a4 c3 33. d5 c2 34. Kf1 Rd1 35. Qxc2 Rd4 36. Qc3 Rf4 37. Re8+ Bf8 38. Qc5 Kg7 39. Qxf8+ Kf6 40. Qh8+ Kg5 41. Qe5+ Qxe5 42. Rxe5+ Kf6 43. Re8 Rd4 44. Ra8 Rd1+ 45. Ke2 Rd4 46. Rxa6 Re4+ 47. Kf3 Rd4 48. Ke3 Ke5 49. Ra7 Rc4 50. Rxf7 Kd6 51. Rxh7 Rc3+ 52. Kd2 Rc4 53. Rh6 Rd4+ 54. Ke3 Rc4 55. Rxg6+ Kc5 56. g4 Rc3+ 57. Kf4 Rxh3 58. f3 Rh7 59. g5 Rf7+ 60. Kg4 Re7 61. f4 Re4 62. Kf5 Rd4 63. Rg8 Kd6 64. g6 Ke7 65. g7 Kf7 66. Re8 Kxg7 67. Re4 Rd3 68. Ke6 Rb3 69. f5 Rb8 70. f6+ Kf8 71. f7 Rd8 72. Rh4 Kg7 73. Rg4+ Kh8 74. Ke7 Rc8 75. f8Q+ Rxf8 76. Kxf8 Kh7 77. Be8 Kh6 78. d6 Kh7 79. d7 Kh8 80. Rh4# 1-0

[Event "EU-ch Online U14 Girls"]
[Site "Tornelo INT"]
[Date "2020.09.19"]
[Round "4"]
[White "Sheikh, Anum"]
[Black "Lindstad, Livia"]
[Result "1-0"]
[WhiteElo "1709"]
[BlackElo "1565"]
[PlyCount "131"]
[EventDate "2020.09.18"]
[EventType "swiss (rapid)"]
[EventRounds "9"]
[EventCountry "NET"]
[SourceTitle "EXT 2023"]
[Source "ChessBase"]
[SourceDate "2022.10.05"]
[SourceVersion "1"]
[SourceVersionDate "2022.10.05"]
[SourceQuality "1"]
[WhiteTeam "England"]
[BlackTeam "Norway"]
[WhiteTeamCountry "ENG"]
[BlackTeamCountry "NOR"]

1. e4 c5 2. Nf3 e6 3. d4 cxd4 4. Nxd4 Nc6 5. Nc3 Qc7 6. Be3 a6 7. Be2 Nf6 8. a3 Be7 9. f4 d6 10. 0-0 0-0 11. Bf3 e5 12. Nb3 b5 13. f5 Bb7 14. g4 h6 15. Qd2 Nh7 16. Nd5 Qd8 17. Rad1 Bh4 18. Nb6 Rb8 19. Qxd6 Bg5 20. Bc5 Qxd6 21. Rxd6 Be7 22. Rxc6 Bxc6 23. Bxe7 Rfe8 24. Bc5 Ng5 25. Nd5 Kh8 26. Bg2 Red8 27. Nc3 Nh7 28. Rf2 Nf6 29. Bf3 Rd7 30. Nc1 Rc8 31. Nd3 Re8 32. h4 Nh7 33. Rg2 g6 34. fxg6 fxg6 35. Be3 Rf7 36. Rg3 Kg7 37. g5 hxg5 38. hxg5 Nf8 39. Kg2 Nd7 40. Nb4 Nb8 41. Ncd5 a5 42. Nxc6 Nxc6 43. Nf6 Rh8 44. c3 Rb7 45. Be2 b4 46. cxb4 axb4 47. a4 Nd4 48. Bc4 Rc7 49. b3 Nc6 50. Bb6 Rb7 51. a5 Kf8 52. Bd5 Nxa5 53. Bxa5 Rb5 54. Bc7 Ke7 55. Bxe5 Rc8 56. Rf3 Rc2+ 57. Rf2 Rc1 58. Ng8+ Ke8 59. Bb2 Rc7 60. Nf6+ Ke7 61. Kg3 Rbc5 62. Be5 Rc8 63. Rh2 Kf8 64. Rh8+ Kg7 65. Rh7+ Kf8 66. Bd6# 1-0

[Event "Kragero Sept op"]
[Site "Kragero"]
[Date "2020.09.04"]
[Round "2"]
[White "Lindstad, Livia"]
[Black "Sidali, Elias Hulleberg"]
[Result "1-0"]
[WhiteElo "1718"]
[BlackElo "1985"]
[PlyCount "115"]
[EventDate "2020.09.04"]
[EventType "swiss"]
[EventRounds "6"]
[EventCountry "NOR"]
[SourceTitle "CBM 198 Extra"]
[Source "ChessBase"]
[SourceDate "2020.11.30"]
[SourceVersion "1"]
[SourceVersionDate "2020.11.30"]
[SourceQuality "1"]

1. e4 c5 2. Nf3 Nc6 3. d4 cxd4 4. Nxd4 Nf6 5. Nc3 d6 6. Bg5 e6 7. Be2 Be7 8. Qd2 h6 9. Be3 a6 10. 0-0-0 Bd7 11. f4 Rc8 12. Nb3 Nb4 13. Bf3 a5 14. a3 a4 15. Nd4 Rxc3 16. bxc3 Na6 17. Qe2 d5 18. e5 Bxa3+ 19. Kd2 Ng8 20. Nb5 Be7 21. Ra1 Qa5 22. Rhb1 Bb4 23. cxb4 Qxb5 24. Qxb5 Bxb5 25. Bd1 Ne7 26. c3 d4 27. Bxd4 a3 28. Rxa3 Nd5 29. g3 0-0 30. Ba4 Nac7 31. Bxb5 Nxb5 32. Ra5 Nxd4 33. cxd4 Rc8 34. Rc5 Ra8 35. Ra5 Rc8 36. Rc1 Rxc1 37. Kxc1 Nxb4 38. Rb5 Nd5 39. Rxb7 Ne3 40. Rb2 Kh7 41. Re2 Nf5 42. Rd2 Ne3 43. Kb1 Kg6 44. Ka2 Kf5 45. Re2 Ke4 46. Kb3 Kd3 47. Ra2 Kxd4 48. Ra7 h5 49. Rxf7 Nf1 50. Rxg7 Nxh2 51. Rh7 Nf1 52. Rg7 Ke4 53. Kc4 Ne3+ 54. Kc5 Kf3 55. Rg5 Nf1 56. Rxh5 Nxg3 57. Rh3 Kxf4 58. Rxg3 1-0

[Event "Konnerud NGP"]
[Site "Konnerud"]
[Date "2019.11.23"]
[Round "2"]
[White "Lindstad, Livia"]
[Black "Storlid, Simen Nikolai"]
[Result "1/2-1/2"]
[WhiteElo "1527"]
[BlackElo "1473"]
[PlyCount "100"]
[EventDate "2019.11.23"]
[EventType "swiss"]
[EventRounds "5"]
[EventCountry "NOR"]
[SourceTitle "EXT 2024"]
[Source "ChessBase"]
[SourceDate "2023.10.10"]
[SourceVersion "1"]
[SourceVersionDate "2023.10.10"]
[SourceQuality "1"]

1. e4 c5 2. Nf3 Nc6 3. d4 cxd4 4. Nxd4 Nf6 5. Nc3 e6 6. Bg5 Be7 7. Ndb5 0-0 8. Bf4 e5 9. Bg3 a6 10. Nd6 b5 11. a3 Bxd6 12. Qxd6 Re8 13. Be2 Nd4 14. Bd3 Re6 15. Nxb5 Rxd6 16. Nxd6 Qe7 17. Nc4 d5 18. exd5 e4 19. 0-0-0 exd3 20. Rhe1 Qc5 21. cxd3 Bf5 22. b4 Qb5 23. Kd2 Rc8 24. Be5 Bxd3 25. Bxd4 Qxc4 26. Rc1 Ne4+ 27. Ke3 Qxc1+ 28. Rxc1 Rxc1 29. Kxd3 Nf6 30. d6 Kf8 31. a4 Ke8 32. b5 axb5 33. axb5 Kd7 34. Be5 Ne8 35. b6 f6 36. Bb2 Rb1 37. Kc2 Rxb2+ 38. Kxb2 Nxd6 39. Kc3 Ne4+ 40. Kd4 Nxf2 41. Kd5 Ng4 42. b7 Kc7 43. Ke6 Kxb7 44. Kf7 Nxh2 45. Kxg7 Ng4 46. Kxh7 Ne3 47. Kg6 Nd5 48. g4 Kc6 49. g5 Kd6 50. gxf6 Nxf6 1/2-1/2

[Event "EU-ch U14 Girls"]
[Site "Bratislava"]
[Date "2019.08.08"]
[Round "7"]
[White "Zrmanovska, Mihaela"]
[Black "Lindstad, Livia"]
[Result "1/2-1/2"]
[WhiteElo "1248"]
[BlackElo "1504"]
[PlyCount "124"]
[EventDate "2019.08.02"]
[EventType "swiss"]
[EventRounds "9"]
[EventCountry "SVK"]
[SourceTitle "EXT 2020"]
[Source "ChessBase"]
[SourceDate "2019.10.17"]
[SourceVersion "1"]
[SourceVersionDate "2019.10.17"]
[SourceQuality "1"]

1. e4 c5 2. Nf3 e6 3. d4 cxd4 4. Nxd4 Nc6 5. Nxc6 bxc6 6. Bd3 d5 7. 0-0 Nf6 8. e5 Nd7 9. Qe2 Bc5 10. Kh1 Bb6 11. c3 c5 12. f4 c4 13. Bc2 Qe7 14. Nd2 g6 15. Nf3 0-0 16. g4 f6 17. Bd2 Bb7 18. Nd4 fxe5 19. fxe5 Bc7 20. Bf4 Rf7 21. Nb5 Nc5 22. Nxc7 d4+ 23. Kg1 d3 24. Qe3 Qxc7 25. Bd1 Raf8 26. g5 Nd7 27. Bg4 Bd5 28. h4 Qb6 29. Qxb6 Nxb6 30. Be3 Rxf1+ 31. Rxf1 Rxf1+ 32. Kxf1 Kf7 33. Ke1 Nd7 34. Bd4 a5 35. Kd2 Nb8 36. Bd1 Nc6 37. Ba4 Ne7 38. Bd1 Nf5 39. Bf2 Bc6 40. Bg4 Ng7 41. b3 Bb5 42. bxc4 Bxc4 43. a3 a4 44. Bf3 Nh5 45. Bc6 Nf4 46. Bxa4 Kg7 47. Bc6 h6 48. a4 hxg5 49. hxg5 Kf7 50. Bb7 Ke7 51. a5 Kd7 52. Be4 Bd5 53. Bxd5 Nxd5 54. Kxd3 Kc7 55. c4 Nb4+ 56. Kc3 Nc6 57. a6 Kc8 58. Bd4 Kb8 59. c5 Ka7 60. Kc4 Kxa6 61. Bc3 Nd8 62. Bd2 Nf7 1/2-1/2

[Event "Oslo op"]
[Site "Oslo"]
[Date "2018.10.06"]
[Round "9"]
[White "Lindstad, Livia"]
[Black "Kalkman de Koster, Franzke"]
[Result "1-0"]
[WhiteElo "1472"]
[BlackElo "1510"]
[PlyCount "93"]
[EventDate "2018.09.30"]
[EventType "swiss"]
[EventRounds "10"]
[EventCountry "NOR"]
[SourceTitle "EXT 2020"]
[Source "ChessBase"]
[SourceDate "2019.10.17"]
[SourceVersion "1"]
[SourceVersionDate "2019.10.17"]
[SourceQuality "1"]

1. e4 e5 2. Nf3 Nc6 3. Bc4 Be7 4. c3 Nf6 5. d3 0-0 6. 0-0 a6 7. Nbd2 d5 8. exd5 Nxd5 9. Re1 Bf6 10. Nf1 Nf4 11. Bxf4 exf4 12. d4 Ne7 13. Qc1 Ng6 14. Bd3 Bg4 15. Bxg6 fxg6 16. Qxf4 Bxf3 17. gxf3 Bg5 18. Qe4 c6 19. Ng3 Rf4 20. Qd3 Qf8 21. Kg2 Qf7 22. Re4 Rf6 23. Rg4 Bf4 24. Ne2 Bxh2 25. Rh4 Bf4 26. Nxf4 Rxf4 27. Rxf4 Qxf4 28. Qe4 Qf5 29. Qxf5 gxf5 30. Re1 Kf7 31. Kg3 g5 32. Re5 Kf6 33. f4 Rg8 34. fxg5+ Rxg5+ 35. Kh3 h5 36. Re8 Rg7 37. Rd8 Kg5 38. d5 cxd5 39. Rxd5 Re7 40. Rd4 Re4 41. Kg3 h4+ 42. Kh3 Rf4 43. Rxf4 Kxf4 44. Kxh4 Kf3 45. Kg5 f4 46. Kf5 b6 47. a4 1-0

[Event "Oslo op"]
[Site "Oslo"]
[Date "2018.10.03"]
[Round "5"]
[White "Wright, Haakon"]
[Black "Lindstad, Livia"]
[Result "1-0"]
[WhiteElo "1823"]
[BlackElo "1472"]
[PlyCount "111"]
[EventDate "2018.09.30"]
[EventType "swiss"]
[EventRounds "10"]
[EventCountry "NOR"]
[SourceTitle "EXT 2020"]
[Source "ChessBase"]
[SourceDate "2019.10.17"]
[SourceVersion "1"]
[SourceVersionDate "2019.10.17"]
[SourceQuality "1"]

1. c4 f5 2. g3 Nf6 3. Bg2 e5 4. Nf3 d6 5. Nc3 Nc6 6. 0-0 Be6 7. b3 Qd7 8. d4 exd4 9. Nxd4 Nxd4 10. Qxd4 c6 11. Rd1 Be7 12. Bf4 c5 13. Qd3 0-0 14. Bxd6 Rac8 15. Bxe7 Qxe7 16. Qd6 Rfe8 17. e3 Qxd6 18. Rxd6 b6 19. Rad1 Kf7 20. Nb5 Re7 21. Rd8 Rxd8 22. Rxd8 a6 23. Nc3 Rd7 24. Rxd7+ Nxd7 25. f4 Ke7 26. Kf2 Kd6 27. e4 fxe4 28. Nxe4+ Kc7 29. Nc3 Nf6 30. h3 Bd7 31. Ke3 Be6 32. g4 Ne8 33. f5 Bf7 34. Kf4 Nd6 35. g5 b5 36. cxb5 axb5 37. Ke5 b4 38. Ne4 Nb7 39. f6 g6 40. Bf1 Kc6 41. Bc4 Bxc4 42. bxc4 Kd7 43. Kd5 Nd8 44. Nxc5+ Ke8 45. Ne4 Kf7 46. c5 h5 47. c6 Nxc6 48. Kxc6 b3 49. axb3 h4 50. Kd7 Kf8 51. Nd6 Kg8 52. Ke7 Kh8 53. f7 Kh7 54. Ne4 Kg7 55. f8Q+ Kh7 56. Nf6# 1-0

[Event "Oslo op"]
[Site "Oslo"]
[Date "2018.10.01"]
[Round "2"]
[White "Kreken, Eivind Grunt"]
[Black "Lindstad, Livia"]
[Result "0-1"]
[WhiteElo "1755"]
[BlackElo "1472"]
[PlyCount "124"]
[EventDate "2018.09.30"]
[EventType "swiss"]
[EventRounds "10"]
[EventCountry "NOR"]
[SourceTitle "EXT 2020"]
[Source "ChessBase"]
[SourceDate "2019.10.17"]
[SourceVersion "1"]
[SourceVersionDate "2019.10.17"]
[SourceQuality "1"]

1. e4 e5 2. Nf3 Nc6 3. d4 exd4 4. Nxd4 Bc5 5. Nb3 Bb6 6. Nc3 Qf6 7. Qe2 d6 8. Be3 Be6 9. Bxb6 axb6 10. Nd5 Bxd5 11. exd5+ Nce7 12. c4 Nh6 13. g4 Qf4 14. h3 f6 15. Qe3 Qxe3+ 16. fxe3 Nf7 17. Nd4 Kd7 18. Ne6 g6 19. e4 Ne5 20. Be2 Rhc8 21. Rf1 Ng8 22. a4 Ke7 23. Kd2 g5 24. Ra3 Nh6 25. Rfa1 Nhf7 26. a5 bxa5 27. Rxa5 Rxa5 28. Rxa5 Nd8 29. Ng7 Ng6 30. Nh5 Nf7 31. Ra7 b6 32. Ra1 Nfe5 33. Rf1 Nd7 34. Bd1 Ra8 35. Bc2 Nge5 36. Kc3 Ra5 37. Ng7 Rc5 38. b3 Ra5 39. Ne6 Ra7 40. Nd4 Kf7 41. Nb5 Rb7 42. Nd4 Ng6 43. Ne6 Ke7 44. b4 Ndf8 45. Nd4 Ne5 46. Nf5+ Kf7 47. Kd4 Nfg6 48. Ra1 Nf4 49. Ra3 Ne2+ 50. Ke3 Nxc4+ 51. Kxe2 Nxa3 52. Bb3 Rb8 53. Nd4 Re8 54. Kd3 Kg6 55. Ke3 h5 56. Ne6 hxg4 57. hxg4 Rh8 58. Kd4 Rh3 59. Bd1 Nb5+ 60. Kc4 Nc3 61. Bc2 b5+ 62. Kb3 Nxd5+ 0-1

[Event "Oslo op"]
[Site "Oslo"]
[Date "2018.09.30"]
[Round "1"]
[White "Lindstad, Livia"]
[Black "Abdrlauf, Elham"]
[Result "0-1"]
[WhiteElo "1472"]
[BlackElo "2069"]
[PlyCount "64"]
[EventDate "2018.09.30"]
[EventType "swiss"]
[EventRounds "10"]
[EventCountry "NOR"]
[SourceTitle "EXT 2020"]
[Source "ChessBase"]
[SourceDate "2019.10.17"]
[SourceVersion "1"]
[SourceVersionDate "2019.10.17"]
[SourceQuality "1"]

1. e4 d6 2. d4 g6 3. Nf3 Bg7 4. Be2 Nf6 5. Nc3 c6 6. 0-0 0-0 7. Bf4 Nbd7 8. h3 c5 9. d5 b6 10. Qd2 a6 11. a4 Bb7 12. Bh6 Rc8 13. Bxg7 Kxg7 14. b3 Re8 15. Qf4 h6 16. Nh2 c4 17. Rfc1 cxb3 18. cxb3 Rc7 19. Ng4 Nxg4 20. Bxg4 Nc5 21. Rcb1 h5 22. Bxh5 e5 23. Qg3 Qf6 24. Bg4 Bc8 25. Qf3 Bxg4 26. Qxf6+ Kxf6 27. hxg4 Kg5 28. f3 Nd3 29. Ne2 Rc2 30. Kf1 Rh8 31. Ng3 Kf4 32. Rd1 Kxg3 0-1

[Event "NOR-ch U10"]
[Site "Stavanger"]
[Date "2017.07.02"]
[Round "2"]
[White "Eliseev, Sergey1111"]
[Black "Lindstad, Livia"]
[Result "1-0"]
[WhiteElo "1247"]
[BlackElo "864"]
[PlyCount "51"]
[EventDate "2017.07.01"]
[EventType "swiss"]
[EventRounds "9"]
[EventCountry "NOR"]
[SourceTitle "EXT 2024"]
[Source "ChessBase"]
[SourceDate "2023.10.10"]
[SourceVersion "1"]
[SourceVersionDate "2023.10.10"]
[SourceQuality "1"]

1. e4 c5 2. Nf3 a6 3. c3 Nc6 4. d4 e6 5. d5 exd5 6. exd5 Nce7 7. d6 Nf6 8. Bg5 b6 9. Bxf6 gxf6 10. dxe7 Bxe7 11. Bd3 h5 12. Nbd2 d5 13. Qe2 c4 14. Bc2 Be6 15. h3 Qd7 16. Nd4 Rb8 17. f4 f5 18. Qe5 Bh4+ 19. Kd1 0-0 20. N2f3 Bf2 21. Qf6 Bxd4 22. Nxd4 Qd8 23. Qh6 Rb7 24. Re1 Re8 25. Re3 Qh4 26. Nxf5 1-0